[Event "Muensterland Verbandsliga 1516"]
[Site "Germany"]
[Date "2015.09.12"]
[Round "1.3"]
[White "Sroka, Andre"]
[Black "Tietz, Eric"]
[Result "1-0"]
[WhiteElo "1809"]
[BlackElo "1906"]
[PlyCount "60"]
[EventDate "2015.09.12"]
[EventType "team"]
[EventRounds "9"]
[EventCountry "GER"]
[SourceTitle "EXT 2017"]
[Source "ChessBase"]
[SourceDate "2016.10.25"]
[SourceVersion "1"]
[SourceVersionDate "2016.10.25"]
[SourceQuality "1"]
[WhiteTeam "Muenster SK V"]
[BlackTeam "Muenster SK IV"]
[WhiteTeamCountry "GER"]
[BlackTeamCountry "GER"]

1. e4 e5 2. Nf3 Nc6 3. Bb5 a6 4. Bxc6 dxc6 5. 0-0 Bg4 6. h3 h5 7. d3 Qf6 8. Be3 Bxf3 9. Qxf3 Qxf3 10. gxf3 Bd6 11. Nd2 Ne7 12. Nc4 Ng6 13. a4 0-0-0 14. Rfb1 f5 15. Kf1 f4 16. Bd2 Nf8 17. Ke2 Ne6 18. Bc3 Ng5 19. Rg1 Nxh3 20. Nxd6+ cxd6 21. Rg6 Rdg8 22. Rh1 Ng5 23. Rxg5 g6 24. d4 exd4 25. Bxd4 Rh6 26. Rh4 Kc7 27. Rxf4 h4 28. Rf7+ Kc8 29. Rg2 g5 30. Rg7 Rg6 1-0

[Event "Muensterland Verbandsliga 1415"]
[Site "Germany"]
[Date "2014.11.08"]
[Round "3.3"]
[White "Reinhold, Klaus"]
[Black "Sroka, Andre"]
[Result "1/2-1/2"]
[WhiteElo "1947"]
[BlackElo "1830"]
[PlyCount "60"]
[EventDate "2014.09.06"]
[EventType "team-tourn"]
[EventRounds "9"]
[EventCountry "GER"]
[SourceTitle "EXT 2016"]
[Source "ChessBase"]
[SourceDate "2015.10.08"]
[SourceVersion "1"]
[SourceVersionDate "2015.10.08"]
[SourceQuality "1"]
[WhiteTeam "Gronau"]
[BlackTeam "Muenster V"]
[WhiteTeamCountry "GER"]
[BlackTeamCountry "GER"]

1. d4 Nf6 2. c4 c5 3. d5 b5 4. Nd2 d6 5. e4 g6 6. Ngf3 Bg7 7. cxb5 0-0 8. Bc4 a6 9. bxa6 Nbd7 10. 0-0 Ng4 11. Qc2 Nge5 12. Nxe5 Nxe5 13. Be2 Qb6 14. Nc4 Nxc4 15. Bxc4 Bxa6 16. Bxa6 Rxa6 17. Re1 Rfa8 18. a3 Rb8 19. Ra2 Qb5 20. Bd2 Qb3 21. Qxb3 Rxb3 22. Bc1 Bd4 23. Kf1 Ra4 24. Re2 Rc4 25. Bh6 f6 26. h4 g5 27. hxg5 Rc1+ 28. Re1 Rc2 29. Re2 Rxe2 30. Kxe2 Rxb2+ 1/2-1/2

[Event "Muensterland Verbandsklasse 1314"]
[Site "Germany"]
[Date "2014.01.11"]
[Round "5.3"]
[White "Sroka, Andre"]
[Black "Busswolder, Peter"]
[Result "1-0"]
[WhiteElo "1839"]
[BlackElo "1747"]
[PlyCount "75"]
[EventDate "2013.09.21"]
[EventType "team-tourn"]
[EventRounds "9"]
[EventCountry "GER"]
[SourceTitle "EXT 2015"]
[Source "ChessBase"]
[SourceDate "2014.11.20"]
[SourceVersion "1"]
[SourceVersionDate "2014.11.20"]
[SourceQuality "1"]
[WhiteTeam "Muenster SK V"]
[BlackTeam "Stadtlohn"]
[WhiteTeamCountry "GER"]
[BlackTeamCountry "GER"]

1. e4 c5 2. Nc3 d6 3. Bb5+ Bd7 4. Bxd7+ Qxd7 5. f4 Nc6 6. Nf3 e6 7. 0-0 Nf6 8. d3 Be7 9. e5 Ng8 10. exd6 Qxd6 11. Ne4 Qd7 12. Qe1 Nf6 13. Be3 b6 14. Qg3 0-0 15. Neg5 h6 16. Ne5 Nxe5 17. fxe5 Nd5 18. Nxf7 Rxf7 19. Rxf7 Kxf7 20. Rf1+ Nf6 21. Qf3 Rf8 22. exf6 Bxf6 23. b3 Kg8 24. Qe4 Bd4 25. Rxf8+ Kxf8 26. Kf2 Qf7+ 27. Qf3 Bxe3+ 28. Kxe3 Qxf3+ 29. Kxf3 Kf7 30. Kf4 Kf6 31. h4 e5+ 32. Ke4 Ke6 33. h5 b5 34. c3 a6 35. a3 a5 36. c4 bxc4 37. bxc4 a4 38. g3 1-0

[Event "Muensterland Verbandsklasse-A 1213"]
[Site "Germany"]
[Date "2013.03.16"]
[Round "7.8"]
[White "Raus, Michael"]
[Black "Sroka, Andre"]
[Result "1/2-1/2"]
[WhiteElo "1757"]
[BlackElo "1869"]
[PlyCount "99"]
[EventDate "2012.09.15"]
[EventType "team-tourn"]
[EventRounds "9"]
[EventCountry "GER"]
[SourceTitle "EXT 2015"]
[Source "ChessBase"]
[SourceDate "2014.11.20"]
[SourceVersion "1"]
[SourceVersionDate "2014.11.20"]
[SourceQuality "1"]
[WhiteTeam "Steinfurt"]
[BlackTeam "Muenster SK IV"]
[WhiteTeamCountry "GER"]
[BlackTeamCountry "GER"]

1. e4 c5 2. Nc3 a6 3. f4 b5 4. Nf3 Bb7 5. d3 Nf6 6. g3 e6 7. Bg2 Qc7 8. 0-0 Nc6 9. h3 Rc8 10. Be3 Be7 11. Qd2 0-0 12. Kh2 c4 13. e5 Ne8 14. d4 Nb4 15. a3 Nd5 16. Nxd5 Bxd5 17. c3 g6 18. g4 Ng7 19. Bf2 Qd8 20. Qe1 f5 21. Bg3 fxg4 22. hxg4 h5 23. g5 Nf5 24. Bf2 Rf7 25. Nh4 Bxg2 26. Kxg2 Nxh4+ 27. Bxh4 Qc7 28. Qe4 Rf5 29. Kf3 Rcf8 30. Ke3 Qc6 31. Qxc6 dxc6 32. Rad1 Kg7 33. Rf3 Kf7 34. Rd2 Ke8 35. Rd1 Kd7 36. Ra1 Kc7 37. a4 Kb6 38. Rf2 a5 39. Rf3 Rd8 40. Rf2 c5 41. axb5 cxd4+ 42. cxd4 Kxb5 43. Ke4 Rff8 44. Rd1 Rd5 45. Rf3 a4 46. Be1 Bd8 47. Bc3 Rf7 48. Ra1 Bb6 49. Rh3 Rfd7 50. Rd1 1/2-1/2